Comuni della Provincia di Venezia (con mappa) - Statistics

Statistiche generali
  • Questo quiz è stato fatto 174 volte
  • Il punteggio medio è 25 su 44
Risposte nella Mappa
Le risposte nella mappa del quiz sottostante sono codificate secondo una scala di colori dal rosso al verde in base alla % di persone che hanno risposto correttamente.
 
Statistiche sulle risposte
Risposta % Corretto
Jesolo
99%
Chioggia
96%
Venezia
92%
Caorle
91%
Mira
85%
Mirano
84%
San Donà di Piave
81%
Portogruaro
78%
Eraclea
76%
Dolo
73%
Cavallino-Treporti
72%
Spinea
66%
San Stino di Livenza
61%
Ceggia
59%
Noventa di Piave
59%
Meolo
58%
Noale
58%
Quarto d'Altino
58%
Marcon
57%
Scorzè
56%
San Michele al Tagliamento
54%
Musile di Piave
51%
Fossalta di Piave
49%
Martellago
49%
Torre di Mosto
47%
Campagna Lupia
44%
Concordia Sagittaria
44%
Annone Veneto
43%
Cavarzere
43%
Stra
43%
Fossalta di Portogruaro
42%
Gruaro
42%
Santa Maria di Sala
42%
Camponogara
41%
Fiesso d'Artico
41%
Campolongo Maggiore
39%
Fossò
38%
Pianiga
38%
Salzano
38%
Teglio Veneto
38%
Vigonovo
38%
Cinto Caomaggiore
35%
Pramaggiore
33%
Cona
28%
Nessun quiz corrispondente trovato
Distribuzione punteggi
Percentuale di utenti per punteggio
Percentile per numero di risposta
I tuoi punteggi nel tempo
Non hai fatto questo quiz